[Event "ODJM C 2025"]
[Site "Willingen GER"]
[Date "2025.06.08"]
[Round "1"]
[White "Bathmann, Sanaa Maria"]
[Black "Englert, Ann"]
[Result "1-0"]
[Termination "normal"]
[Board "1"]
[WhiteElo "1105"]
[BlackElo "1614"]
[WhiteClock "01:30:46"]
[BlackClock "01:22:21"]
[PlyCount "49"]
[WhiteFideId "34697322"]
[BlackFideId "34606181"]
[EventCountry "GER"]
[EventRounds "9"]
[EventType "swiss"]
[EventDate "2025.06.07"]

1. e4 {[%clk 01:30:58]} {[%emt 00:00:02]} c5 {[%clk 01:30:56]} {[%emt
00:00:05]} 2. Nf3 {[%clk 01:31:20]} {[%emt 00:00:08]} Nc6 {[%clk 01:31:12]}
{[%emt 00:00:13]} 3. d4 {[%clk 01:31:42]} {[%emt 00:00:08]} cxd4 {[%clk
01:31:31]} {[%emt 00:00:12]} 4. Nxd4 {[%clk 01:32:01]} {[%emt 00:00:10]} Nf6
{[%clk 01:31:24]} {[%emt 00:00:40]} 5. Nc3 {[%clk 01:32:24]} {[%emt 00:00:05]}
e5 {[%clk 01:30:05]} {[%emt 00:01:48]} 6. Nf3 {[%clk 01:32:29]} {[%emt
00:00:24]} Bb4 {[%clk 01:30:06]} {[%emt 00:00:29]} 7. Bc4 {[%clk 01:32:05]}
{[%emt 00:00:55]} h6 {[%clk 01:29:59]} {[%emt 00:00:38]} 8. Bd2 {[%clk
01:32:10]} {[%emt 00:00:24]} O-O {[%clk 01:29:52]} {[%emt 00:00:36]} 9. Qe2
{[%clk 01:32:24]} {[%emt 00:00:16]} d6 {[%clk 01:26:01]} {[%emt 00:04:21]} 10.
h3 {[%clk 01:32:45]} {[%emt 00:00:10]} a5 {[%clk 01:24:59]} {[%emt 00:01:33]}
11. Nd5 {[%clk 01:31:12]} {[%emt 00:01:57]} Nxd5 {[%clk 01:23:58]} {[%emt
00:01:35]} 12. exd5 {[%clk 01:31:32]} {[%emt 00:00:10]} Nd4 {[%clk 01:23:21]}
{[%emt 00:01:08]} 13. Qd3 {[%clk 01:31:38]} {[%emt 00:00:23]} Bxd2+ {[%clk
01:23:19]} {[%emt 00:00:33]} 14. Qxd2 {[%clk 01:31:53]} {[%emt 00:00:14]} Nxf3+
{[%clk 01:23:28]} {[%emt 00:00:22]} 15. gxf3 {[%clk 01:32:15]} {[%emt
00:00:08]} Rb8 {[%clk 01:23:09]} {[%emt 00:00:48]} 16. O-O-O {[%clk 01:31:47]}
{[%emt 00:00:59]} b5 {[%clk 01:22:49]} {[%emt 00:00:51]} 17. Bd3 {[%clk
01:31:35]} {[%emt 00:00:41]} Ba6 {[%clk 01:22:47]} {[%emt 00:00:32]} 18. c3
{[%clk 01:31:51]} {[%emt 00:00:14]} Qc8 {[%clk 01:22:59]} {[%emt 00:00:18]} 19.
Bc2 {[%clk 01:31:58]} {[%emt 00:00:23]} b4 {[%clk 01:23:09]} {[%emt 00:00:21]}
20. cxb4 {[%clk 01:31:40]} {[%emt 00:00:48]} Rxb4 {[%clk 01:23:03]} {[%emt
00:00:35]} 21. Rdg1 {[%clk 01:31:48]} {[%emt 00:00:22]} Qc5 {[%clk 01:22:42]}
{[%emt 00:00:49]} 22. Qxh6 {[%clk 01:30:23]} {[%emt 00:01:56]} g6 {[%clk
01:22:25]} {[%emt 00:00:47]} 23. Rxg6+ {[%clk 01:30:25]} {[%emt 00:00:29]} fxg6
{[%clk 01:22:14]} {[%emt 00:00:41]} 24. Qxg6+ {[%clk 01:30:37]} {[%emt
00:00:17]} Kh8 {[%clk 01:22:21]} {[%emt 00:00:24]} 25. Qh7# {[%clk 01:30:46]}
{[%emt 00:00:21]} 1-0

[Event "ODJM C 2025"]
[Site "Willingen GER"]
[Date "2025.06.08"]
[Round "1"]
[White "Schmidt, Eric"]
[Black "Hempel, Christian"]
[Result "0-1"]
[Termination "normal"]
[Board "2"]
[WhiteElo "1636"]
[BlackElo "1457"]
[WhiteClock "01:09:25"]
[BlackClock "01:16:02"]
[PlyCount "31"]
[WhiteFideId "34695419"]
[BlackFideId "34660470"]
[EventCountry "GER"]
[EventRounds "9"]
[EventType "swiss"]
[EventDate "2025.06.07"]

1. d4 {[%clk 01:30:58]} {[%emt 00:00:01]} d6 {[%clk 01:30:54]} {[%emt
00:00:08]} 2. Nf3 {[%clk 01:31:07]} {[%emt 00:00:20]} Nf6 {[%clk 01:31:15]}
{[%emt 00:00:09]} 3. Bg5 {[%clk 01:31:06]} {[%emt 00:00:32]} g6 {[%clk
01:31:32]} {[%emt 00:00:13]} 4. Nc3 {[%clk 01:30:28]} {[%emt 00:01:08]} Bg7
{[%clk 01:31:44]} {[%emt 00:00:20]} 5. Qd2 {[%clk 01:30:22]} {[%emt 00:00:34]}
O-O {[%clk 01:31:39]} {[%emt 00:00:35]} 6. O-O-O {[%clk 01:30:22]} {[%emt
00:00:29]} Bg4 {[%clk 01:30:15]} {[%emt 00:01:54]} 7. e4 {[%clk 01:25:33]}
{[%emt 00:05:20]} Nbd7 {[%clk 01:30:03]} {[%emt 00:00:42]} 8. Be2 {[%clk
01:22:31]} {[%emt 00:03:31]} Re8 {[%clk 01:29:13]} {[%emt 00:01:20]} 9. h3
{[%clk 01:22:01]} {[%emt 00:00:59]} Bxf3 {[%clk 01:28:28]} {[%emt 00:01:16]}
10. Bxf3 {[%clk 01:22:24]} {[%emt 00:00:08]} e5 {[%clk 01:27:55]} {[%emt
00:01:03]} 11. d5 {[%clk 01:18:09]} {[%emt 00:04:44]} Qe7 {[%clk 01:25:54]}
{[%emt 00:02:32]} 12. g4 {[%clk 01:15:35]} {[%emt 00:03:03]} c6 {[%clk
01:19:10]} {[%emt 00:07:15]} 13. h4 {[%clk 01:13:26]} {[%emt 00:02:38]} cxd5
{[%clk 01:17:24]} {[%emt 00:02:17]} 14. Nxd5 {[%clk 01:13:17]} {[%emt
00:00:39]} Qd8 {[%clk 01:16:43]} {[%emt 00:01:10]} 15. Be2 {[%clk 01:12:00]}
{[%emt 00:01:47]} a6 {[%clk 01:16:02]} {[%emt 00:01:12]} 16. f4 {[%clk
01:09:25]} {[%emt 00:03:05]} h6 {[%clk 01:12:13]} {[%emt 00:10:35]} 17. Bxf6
{[%clk 00:55:15]} {[%emt 00:08:24]} Nxf6 {[%clk 01:12:11]} {[%emt 00:00:32]}
18. Nxf6+ {[%clk 00:54:52]} {[%emt 00:00:53]} Qxf6 {[%clk 01:11:44]} {[%emt
00:00:56]} 19. f5 {[%clk 00:53:48]} {[%emt 00:01:33]} gxf5 {[%clk 01:09:58]}
{[%emt 00:02:16]} 20. gxf5 {[%clk 00:53:46] {[%emt 00:00:33]} h5 {[%clk
01:09:29]} {[%emt 00:01:00]}
21. Rdg1 {[%clk 00:52:12]} {[%emt 00:02:01]} Kf8 {[%clk 01:07:50]} {[%emt
00:02:12]} 22. Kb1 {[%clk 00:51:44]} {[%emt 00:00:57]} Bh6 {[%clk 01:07:06]}
{[%emt 00:01:15]} 23. Qb4 {[%clk 00:51:24]} {[%emt 00:00:50]} Be3 {[%clk
01:05:17]} {[%emt 00:02:19]} 24. Rf1 {[%clk 00:49:05]} {[%emt 00:02:48]} Bc5
{[%clk 01:03:35]} {[%emt 00:02:12]} 25. Qxb7 {[%clk 00:47:52]} {[%emt
00:01:43]} Ra7 {[%clk 01:03:38]} {[%emt 00:00:28]} 26. Qd5 {[%clk 00:47:26]}
{[%emt 00:00:56]} Qh6 {[%clk 01:01:26]} {[%emt 00:02:41]} 27. Rf3 {[%clk
00:44:14]} {[%emt 00:03:42]} Bd4 {[%clk 00:58:40]} {[%emt 00:03:16]} 28. Rg3
{[%clk 00:35:22]} {[%emt 00:09:22]} Rb8 {[%clk 00:57:22]} {[%emt 00:01:49]} 29.
b3 {[%clk 00:33:50]} {[%emt 00:02:01]} Rc8 {[%clk 00:54:31]} {[%emt 00:03:22]}
30. Rg5 {[%clk 00:32:10]} {[%emt 00:02:08]} Rc5 {[%clk 00:50:01]} {[%emt
00:05:02]} 31. Rxh5 {[%clk 00:29:39]} {[%emt 00:03:00]} Qf6 {[%clk 00:47:58]}
{[%emt 00:02:33]} 32. Rh8+ {[%clk 00:28:52]} {[%emt 00:01:17]} Ke7 {[%clk
00:47:20]} {[%emt 00:01:09]} 33. Qe6+ {[%clk 00:26:18]} {[%emt 00:03:04]} fxe6
{[%clk 00:47:20]} {[%emt 00:00:30]} 34. Rh7+ {[%clk 00:26:39]} {[%emt
00:00:09]} Kd8 {[%clk 00:47:06]} {[%emt 00:00:43]} 35. Rxa7 {[%clk 00:26:57]}
{[%emt 00:00:13]} Rxc2 {[%clk 00:45:11]} {[%emt 00:02:24]} 36. Kxc2 {[%clk
00:26:44]} {[%emt 00:00:43]} Bxa7 {[%clk 00:45:30]} {[%emt 00:00:12]} 37. fxe6
{[%clk 00:26:38]} {[%emt 00:00:36]} Qxe6 {[%clk 00:45:20]} {[%emt 00:00:39]}
38. h5 {[%clk 00:27:02]} {[%emt 00:00:06]} Qc8+ {[%clk 00:45:09]} {[%emt
00:00:42]} 39. Bc4 {[%clk 00:27:20]} {[%emt 00:00:11]} Qg4 {[%emt 00:00:31]}
0-1

[Event "ODJM C 2025"]
[Site "Willingen GER"]
[Date "2025.06.08"]
[Round "1"]
[White "Surmann, Lukas"]
[Black "Yan, Jenny"]
[Result "0-1"]
[Termination "normal"]
[Board "3"]
[WhiteElo "1084"]
[BlackElo "1509"]
[WhiteClock "01:17:55"]
[BlackClock "01:11:35"]
[PlyCount "41"]
[WhiteFideId "34649360"]
[BlackFideId "34630376"]
[EventCountry "GER"]
[EventRounds "9"]
[EventType "swiss"]
[EventDate "2025.06.07"]

1. d4 {[%clk 01:30:58]} {[%emt 00:00:03]} Nf6 {[%clk 01:30:52]} {[%emt
00:00:08]} 2. c4 {[%clk 01:31:18]} {[%emt 00:00:10]} g6 {[%clk 01:31:17]}
{[%emt 00:00:05]} 3. Nc3 {[%clk 01:31:11]} {[%emt 00:00:37]} Bg7 {[%clk
01:31:24]} {[%emt 00:00:22]} 4. g3 {[%clk 01:31:27]} {[%emt 00:00:14]} c6
{[%clk 01:30:02]} {[%emt 00:01:52]} 5. Bg2 {[%emt 00:00:33]} d5 {[%clk
01:28:54]} {[%emt 00:01:31]} 6. Nf3 {[%clk 01:30:33]} {[%emt 00:01:29]} Bf5
{[%clk 01:26:37]} {[%emt 00:02:47]} 7. Bf4 {[%clk 01:29:52]} {[%emt 00:01:11]}
Nbd7 {[%clk 01:24:09]} {[%emt 00:02:58]} 8. Qb3 {[%clk 01:27:58]} {[%emt
00:02:23]} Qb6 {[%clk 01:20:08]} {[%emt 00:04:30]} 9. Qxb6 {[%clk 01:26:15]}
{[%emt 00:02:15]} Nxb6 {[%clk 01:20:23]} {[%emt 00:00:15]} 10. cxd5 {[%clk
01:23:01]} {[%emt 00:03:44]} Nbxd5 {[%clk 01:20:09]} {[%emt 00:00:44]} 11. Nxd5
{[%clk 01:22:43]} {[%emt 00:00:48]} Nxd5 {[%clk 01:19:19]} {[%emt 00:01:20]}
12. Be5 {[%clk 01:22:52]} {[%emt 00:00:19]} f6 {[%clk 01:16:50]} {[%emt
00:03:01]} 13. Bf4 {[%clk 01:22:27]} {[%emt 00:00:51]} Nxf4 {[%clk 01:16:54]}
{[%emt 00:00:30]} 14. gxf4 {[%clk 01:22:07]} {[%emt 00:00:12]} Be4 {[%clk
01:16:33]} {[%emt 00:01:29]} 15. Rg1 {[%clk 01:20:17]} {[%emt 00:02:19]} f5
{[%clk 01:15:28]} {[%emt 00:01:37]} 16. Ne5 {[%clk 01:19:54]} {[%emt 00:00:52]}
Bxg2 {[%clk 01:14:56]} {[%emt 00:01:01]} 17. Rxg2 {[%clk 01:20:15]} {[%emt
00:00:08]} Rd8 {[%clk 01:12:50]} {[%emt 00:02:36]} 18. e3 {[%clk 01:20:04]}
{[%emt 00:00:43]} Bxe5 {[%clk 01:12:55]} {[%emt 00:00:25]} 19. fxe5 {[%clk
01:19:57]} {[%emt 00:00:36]} Kf7 {[%clk 01:12:15]} {[%emt 00:01:10]} 20. h4
{[%clk 01:19:36]} {[%emt 00:00:51]} Rd5 {[%clk 01:11:35]} {[%emt 00:01:07]} 21.
Ke2 {[%clk 01:17:55]} {[%emt 00:02:16]} c5 {[%clk 01:09:29]} {[%emt 00:09:38]}
22. dxc5 {[%clk 01:14:24]} {[%emt 00:00:09]} Rxc5 {[%clk 01:09:19]} {[%emt
00:00:06]} 23. f4 {[%clk 01:14:22]} {[%emt 00:00:04]} Rhc8 {[%clk 01:08:24]}
{[%emt 00:00:12]} 24. Rag1 {[%clk 01:13:09]} {[%emt 00:00:47]} R5c6 {[%clk
01:04:58]} {[%emt 00:03:57]} 25. Kf3 {[%clk 01:12:17]} {[%emt 00:01:20]} Rc2
{[%clk 01:02:12]} [%emt 00:03:18]} 26. a3 {[%clk 01:11:50]} {[%emt 00:00:57]}
e6 {[%clk 00:56:29]} {[%emt 00:06:13]} 27. Rg3 {[%clk 01:07:57]} {[%emt
00:04:23]} Rxb2 {[%clk 00:52:57]} {[%emt 00:04:01]} 28. h5 {[%clk 01:08:25]}
{[%emt 00:00:03]} Rg8 {[%clk 00:50:47]} {[%emt 00:02:39]} 29. Rc1 {[%clk
01:07:50]} {[%emt 00:01:05]} Re8 {[%clk 00:50:31]} {[%emt 00:00:47]} 30. Rc7+
{[%clk 01:07:55]} {[%emt 00:00:25]} Re7 {[%clk 00:47:56]} {[%emt 00:03:05]} 31.
Rxe7+ {[%clk 01:06:49]} {[%emt 00:01:37]} Kxe7 {[%clk 00:48:02]} {[%emt
00:00:24]} 32. hxg6 {[%clk 01:07:10]} {[%emt 00:00:07]} hxg6 {[%clk 00:48:08]}
{[%emt 00:00:26]} 33. Rxg6 {[%clk 01:07:24]} {[%emt 00:00:15]} Rb3 {[%clk
00:47:50]} {[%emt 00:00:49]} 34. Rh6 {[%clk 01:05:38]} {[%emt 00:02:14]} a6
{[%clk 00:47:15]} {[%emt 00:01:06]} 35. Ke2 {[%clk 01:05:07]} {[%emt 00:01:00]}
b5 {[%clk 00:45:22]} {[%emt 00:02:25]} 36. Rh1 {[%clk 01:02:57]} {[%emt
00:02:39]} Rxa3 {[%emt 00:11:34]} 37. Rd1 {[%emt 00:00:42]} a5 {[%emt
00:01:39]} 38. Rd6 {[%clk 00:49:41]} {[%emt 00:00:19]} Rc3 {[%clk 00:44:37]}
{[%emt 00:01:15]} 39. Kd2 {[%clk 00:49:57]} {[%emt 00:00:15]} Rc5 {[%clk
00:44:23]} {[%emt 00:00:42]} 40. Ra6 {[%clk 00:49:33]} {[%emt 00:00:55]} a4
{[%clk 00:43:30]} {[%emt 00:01:25]} 41. Ra5 {[%clk 00:49:56]} {[%emt 00:00:07]}
Kd7 {[%clk 00:41:45]} {[%emt 00:02:14]} 42. Kd3 {[%clk 00:50:16]} {[%emt
00:00:11]} Kc7 {[%clk 00:41:18]} {[%emt 00:00:55]} 43. e4 {[%clk 00:47:33]}
{[%emt 00:03:15]} fxe4+ {[%clk 00:41:00]} {[%emt 00:00:47]} 44. Kxe4 {[%clk
00:47:06]} {[%emt 00:00:57]} Kb6 {[%clk 00:40:17]} {[%emt 00:01:14]} 45. Kd4
{[%clk 00:44:58]} {[%emt 00:02:37]} Kxa5 {[%clk 00:40:28]} {[%emt 00:00:20]}
46. Kxc5 {[%clk 00:45:17]} {[%emt 00:00:11]} a3 {[%clk 00:40:45]} {[%emt
00:00:13]} 47. f5 {[%clk 00:43:21]} {[%emt 00:02:26]} a2 {[%clk 00:40:52]}
{[%emt 00:00:22]} 48. f6 {[%clk 00:42:00]} {[%emt 00:01:52]} a1=Q {[%clk
00:41:07]}
{[%emt 00:00:15]} 49. Kd6 {[%clk 00:41:35]} {[%emt 00:00:55]} b4 {[%clk
00:36:46]} {[%emt 00:04:51]} 50. f7 {[%clk 00:41:40]} {[%emt 00:00:23]} b3
{[%clk 00:37:08]} {[%emt 00:00:09]} 51. Kxe6 {[%clk 00:41:16]} {[%emt
00:00:55]} Qf1 {[%clk 00:36:54]} {[%emt 00:00:43]} 52. Ke7 {[%clk 00:41:25]}
{[%emt 00:00:22]} b2 {[%clk 00:36:59]} {[%emt 00:00:24]} 53. f8=Q {[%clk
00:40:47]} {[%emt 00:01:09]} Qxf8+ {[%clk 00:37:24]} {[%emt 00:00:05]} 54. Kxf8
{[%clk 00:40:14]} {[%emt 00:01:03]} b1=Q {[%clk 00:37:46]} {[%emt 00:00:08]}
55. e6 {[%clk 00:40:28]} {[%emt 00:00:14]} Qb4+ {[%clk 00:37:50]} {[%emt
00:00:28]} 56. e7 {[%clk 00:40:42]} {[%emt 00:00:15]} Kb6 {[%clk 00:38:01]}
{[%emt 00:00:18]} 57. Kf7 {[%clk 00:40:24]} {[%emt 00:00:50]} Qf4+ {[%clk
00:38:13]} {[%emt 00:00:16]} 58. Ke6 {[%clk 00:40:30]} {[%emt 00:00:25]} Qe4
{[%clk 00:38:24]} {[%emt 00:00:20]} 59. Kf6 {[%clk 00:40:32]} {[%emt 00:00:27]}
Kc7 {[%clk 00:37:01]} {[%emt 00:01:53]} 0-1

[Event "ODJM C 2025"]
[Site "Willingen GER"]
[Date "2025.06.08"]
[Round "1"]
[White "Böker, Maximilian"]
[Black "Kasten, Luna Seraphine"]
[Result "1-0"]
[Termination "normal"]
[Board "4"]
[WhiteElo "1534"]
[BlackElo "1409"]
[WhiteClock "01:11:48"]
[BlackClock "01:10:33"]
[PlyCount "22"]
[WhiteFideId "34623868"]
[BlackFideId "34681639"]
[EventCountry "GER"]
[EventRounds "9"]
[EventType "swiss"]
[EventDate "2025.06.07"]

1. e4 {[%clk 01:30:57]} {[%emt 00:00:02]} c6 {[%clk 01:30:48]} {[%emt
00:00:13]} 2. d4 {[%clk 01:31:20]} {[%emt 00:00:08]} d5 {[%clk 01:31:06]}
{[%emt 00:00:11]} 3. e5 {[%clk 01:31:27]} {[%emt 00:00:23]} e6 {[%clk
01:31:23]} {[%emt 00:00:12]} 4. Nf3 {[%clk 01:31:27]} {[%emt 00:00:29]} g6
{[%clk 01:30:32]} {[%emt 00:01:21]} 5. Be2 {[%clk 01:29:51]} {[%emt 00:02:06]}
Bg7 {[%clk 01:29:33]} {[%emt 00:01:29]} 6. Bg5 {[%clk 01:25:59]} {[%emt
00:04:21]} Ne7 {[%clk 01:29:38]} {[%emt 00:00:26]} 7. Qd2 {[%clk 01:24:07]}
{[%emt 00:02:23]} Nd7 {[%clk 01:27:36]} {[%emt 00:02:31]} 8. O-O {[%clk
01:23:04]} {[%emt 00:01:33]} O-O {[%clk 01:25:49]} {[%emt 00:02:17]} 9. Bd3
{[%clk 01:16:24]} {[%emt 00:07:11]} c5 {[%clk 01:19:53]} {[%emt 00:06:26]} 10.
c3 {[%clk 01:11:54]} {[%emt 00:05:00]} cxd4 {[%clk 01:12:02]} {[%emt 00:08:21]}
11. cxd4 {[%clk 01:11:48]} {[%emt 00:00:36]} Nb6 {[%clk 01:10:33]} {[%emt
00:01:59]} 12. b3 {[%clk 01:07:36]} {[%emt 00:11:58]} Qe8 {[%clk 01:03:01]}
{[%emt 00:00:46]} 13. Bf6 {[%clk 01:02:45]} {[%emt 00:05:21]} Bxf6 {[%clk
01:01:54]} {[%emt 00:01:36]} 14. exf6 {[%clk 01:03:02]} {[%emt 00:00:13]} Nf5
{[%clk 01:01:21]} {[%emt 00:01:04]} 15. Bxf5 {[%clk 01:02:20]} {[%emt
00:01:11]} exf5 {[%clk 01:01:06]} {[%emt 00:00:46]} 16. Qh6 {[%clk 01:02:12]}
{[%emt 00:00:37]} Qc6 {[%clk 01:00:01]} {[%emt 00:01:35]} 17. Qg7# {[%emt
00:00:07]} 1-0

[Event "ODJM C 2025"]
[Site "Willingen GER"]
[Date "2025.06.08"]
[Round "1"]
[White "Rabus, Luise"]
[Black "Anzinger, Simon"]
[Result "0-1"]
[Termination "normal"]
[Board "5"]
[WhiteElo "1454"]
[BlackElo "1541"]
[WhiteClock "01:21:09"]
[BlackClock "01:05:56"]
[PlyCount "29"]
[WhiteFideId "34636900"]
[BlackFideId "34698825"]
[EventCountry "GER"]
[EventRounds "9"]
[EventType "swiss"]
[EventDate "2025.06.07"]

1. e4 {[%clk 01:30:58]} {[%emt 00:00:01]} e5 {[%clk 01:30:53]} {[%emt
00:00:07]} 2. Nf3 {[%clk 01:31:02]} {[%emt 00:00:26]} Nc6 {[%clk 01:30:57]}
{[%emt 00:00:26]} 3. Bc4 {[%clk 01:31:12]} {[%emt 00:00:20]} Nf6 {[%clk
01:31:05]} {[%emt 00:00:22]} 4. d3 {[%clk 01:31:20]} {[%emt 00:00:23]} Bc5
{[%clk 01:29:40]} {[%emt 00:01:54]} 5. c3 {[%clk 01:31:34]} {[%emt 00:00:17]}
h6 {[%clk 01:28:49]} {[%emt 00:01:20]} 6. O-O {[%clk 01:29:50]} {[%emt
00:02:14]} d6 {[%clk 01:27:54]} {[%emt 00:01:25]} 7. h3 {[%clk 01:29:52]}
{[%emt 00:00:28]} O-O {[%clk 01:28:08]} {[%emt 00:00:15]} 8. Nbd2 {[%clk
01:29:57]} {[%emt 00:00:25]} a6 {[%clk 01:28:27]} {[%emt 00:00:12]} 9. Re1
{[%clk 01:28:33]} {[%emt 00:01:53]} Be6 {[%clk 01:27:37]} {[%emt 00:01:20]} 10.
Nh2 {[%clk 01:27:53]} {[%emt 00:01:10]} Qd7 {[%clk 01:20:44]} {[%emt 00:07:23]}
11. Bb3 {[%clk 01:27:27]} {[%emt 00:00:58]} Rad8 {[%clk 01:18:59]} {[%emt
00:02:15]} 12. Ndf3 {[%clk 01:25:17]} {[%emt 00:02:39]} Kh7 {[%clk 01:13:41]}
{[%emt 00:05:47]} 13. d4 {[%clk 01:24:17]} {[%emt 00:01:30]} Bxb3 {[%emt
00:04:08]} 14. Qxb3 {[%clk 01:21:08]} {[%emt 00:02:07]} exd4 {[%clk 01:05:56]}
{[%emt 00:06:11]} 15. cxd4 {[%clk 01:21:09]} {[%emt 00:00:29]} Bb6 {[%clk
00:59:45]} {[%emt 00:13:14]} 16. Qd3 {[%clk 01:19:57]} Kh8 {[%clk 00:50:39]}
{[%emt 00:04:44]} 17. a3 {[%clk 01:14:58]} {[%emt 00:05:30]} Rfe8 {[%clk
00:44:50]} {[%emt 00:06:18]} 18. d5 {[%clk 01:13:37]} {[%emt 00:01:51]} Ne5
{[%clk 00:44:33]} {[%emt 00:00:47]} 19. Nxe5 {[%clk 01:11:28]} {[%emt
00:02:38]} dxe5 {[%clk 00:44:36]} {[%emt 00:00:27]} 20. Qf3 {[%clk 01:10:20]}
{[%emt 00:01:39]} Ng8 {[%clk 00:41:04]} {[%emt 00:04:02]} 21. Bd2 {[%clk
01:05:56]} {[%emt 00:04:53]} Qb5 {[%emt 00:04:22]} 22. Bc3 {[%clk 01:05:10]}
{[%emt 00:01:14]} Rd6 {[%clk 00:37:06]} {[%emt 00:00:39]} 23. Qxf7 {[%clk
00:58:59]} {[%emt 00:06:41]} Rf6 {[%clk 00:37:10]} {[%emt 00:00:25]} 24. Qh5
{[%clk 00:58:41]} {[%emt 00:00:48]} Bxf2+ {[%clk 00:37:18]} {[%emt 00:00:23]}
25. Kh1 {[%clk 00:58:24]} {[%emt 00:00:46]} g6 {[%clk 00:36:46]} {[%emt
00:01:02]} 26. Qd1 {[%clk 00:56:35]} {[%emt 00:02:20]} Bxe1 {[%clk 00:37:09]}
{[%emt 00:00:07]} 27. Qxe1 {[%clk 00:56:50]} {[%emt 00:00:15]} Qd7 {[%clk
00:35:14]} {[%emt 00:02:25]} 28. Ng4 {[%clk 00:56:16]} {[%emt 00:01:03]} Rff8
{[%clk 00:35:16]} {[%emt 00:00:29]} 29. Nxe5 {[%clk 00:55:52]} {[%emt
00:00:54]} Rxe5 {[%clk 00:35:28]} {[%emt 00:00:19]} 30. Bxe5+ {[%clk 00:56:14]}
{[%emt 00:00:07]} Kh7 {[%clk 00:35:55]} {[%emt 00:00:03]} 31. Qb4 {[%clk
00:53:33]} {[%emt 00:03:11]} Re8 {[%clk 00:35:46]} {[%emt 00:00:39]} 32. Bc3
{[%clk 00:53:11]} {[%emt 00:00:52]} b6 {[%clk 00:35:37]} {[%emt 00:00:39]} 33.
Rf1 {[%clk 00:52:56]} {[%emt 00:00:44]} Re7 {[%clk 00:34:07]} {[%emt 00:02:00]}
34. Qd4 {[%clk 00:52:13]} {[%emt 00:01:13]} Rg7 {[%clk 00:34:28]} {[%emt
00:00:09]} 35. e5 {[%clk 00:51:31]} {[%emt 00:01:13]} Rf7 {[%clk 00:33:18]}
{[%emt 00:01:40]} 36. Rf3 {[%clk 00:48:37]} {[%emt 00:03:24]} Rxf3 {[%clk
00:33:28]} {[%emt 00:00:19]} 37. gxf3 {[%clk 00:49:01]} {[%emt 00:00:07]} Qxh3+
{[%clk 00:33:18]} {[%emt 00:00:40]} 38. Kg1 {[%clk 00:48:46]} {[%emt 00:00:45]}
Qg3+ {[%clk 00:33:40]} {[%emt 00:00:07]} 39. Kf1 {[%clk 00:47:43]} {[%emt
00:01:33]} Qh3+ {[%clk 00:34:00]} {[%emt 00:00:10]} 40. Ke2 {[%clk 00:47:55]}
{[%emt 00:00:18]} Qg2+ {[%clk 00:34:05]} {[%emt 00:00:24]} 41. Qf2 {[%clk
00:48:02]} {[%emt 00:00:24]} Qxf2+ {[%clk 00:34:24]} {[%emt 00:00:11]} 42. Kxf2
{[%clk 00:48:21]} {[%emt 00:00:12]} Kg7 {[%clk 00:34:06]} {[%emt 00:00:49]} 43.
d6 {[%clk 00:48:37]} {[%emt 00:00:13]} cxd6 {[%clk 00:34:19]} {[%emt 00:00:18]}
44. exd6+ {[%clk 00:47:13]} {[%emt 00:01:53]} Kf7 {[%clk 00:31:53]} {[%emt
00:02:55]} 45. Bd4 {[%clk 00:44:12]} {[%emt 00:03:31]} b5 {[%clk 00:31:47]}
{[%emt 00:00:37]} 46. Bb6 {[%clk 00:44:27]} {[%emt 00:00:16]} Ke6 {[%clk
00:31:57]} {[%emt 00:00:19]} 47. Bc7 {[%clk 00:44:43]} {[%emt 00:00:14]} Nf6
{[%clk 00:32:13]} {[%emt 00:00:13]} 48. Ke3 {[%clk 00:45:00]} {[%emt 00:00:13]}
Ne8 {[%clk 00:32:25]} {[%emt 00:00:19]} 49. Ke4 {[%clk 00:45:03]} {[%emt
00:00:27]} Nxd6+ {[%clk 00:32:26]} {[%emt 00:00:29]} 50. Kf4 {[%clk 00:45:15]}
{[%emt 00:00:18]} Nc4 {[%clk 00:32:26]} {[%emt 00:00:30]} 51. Bb8 {[%clk
00:42:59]} {[%emt 00:02:45]} Nxb2 {[%clk 00:32:19]} {[%emt 00:00:38]} 52. Be5
{[%clk 00:43:20]} {[%emt 00:00:09]} Nc4 {[%clk 00:32:32]} {[%emt 00:00:17]} 53.
Bg7 {[%clk 00:43:31]} {[%emt 00:00:17]} Nxa3 {[%clk 00:32:17]} {[%emt
00:00:47]} 54. Bxh6 {[%clk 00:43:39]} {[%emt 00:00:22]} Nc4 {[%clk 00:32:28]}
{[%emt 00:00:19]} 55. Bf8 {[%clk 00:43:54]} {[%emt 00:00:14]} a5 {[%clk
00:32:35]} {[%emt 00:00:23]} 56. Bc5 {[%clk 00:43:41]} {[%emt 00:00:44]} b4
{[%clk 00:32:47]} {[%emt 00:00:19]} 57. Ke4 {[%clk 00:42:18]} {[%emt 00:01:50]}
Nd2+ {[%clk 00:32:35]} {[%emt 00:00:42]} 58. Kd3 {[%clk 00:42:15]} {[%emt
00:00:34]} Nxf3 {[%clk 00:32:54]} {[%emt 00:00:10]} 59. Kc4 {[%clk 00:42:18]}
{[%emt 00:00:27]} g5 {[%clk 00:32:45]} {[%emt 00:00:39]} 60. Bb6 {[%clk
00:42:43]} {[%emt 00:00:06]} Ne5+ {[%clk 00:32:49]} {[%emt 00:00:26]} 61. Kb3
{[%clk 00:41:14]} {[%emt 00:01:58]} Nc6 {[%clk 00:33:03]} {[%emt 00:00:16]} 62.
Ka4 {[%clk 00:40:15]} {[%emt 00:01:30]} g4 {[%clk 00:33:22]} {[%emt 00:00:11]}
63. Kb5 {[%clk 00:40:01]} {[%emt 00:00:43]} b3 {[%clk 00:33:09]} {[%emt
00:00:44]} 64. Bxa5 {[%clk 00:39:33]} {[%emt 00:00:59]} Nxa5 {[%clk 00:33:22]}
{[%emt 00:00:16]} 0-1